000 00579nam a2200181Ia 4500
008 100920s9999 xx 000 0 und d
082 _b65744
_a24 थ 79
100 _aखानोलकर चिंतामणी त्र्यंबक.
245 _aदुष्टचक्र.
260 _bनिळकंठ प्रकाशन,पुणे-2.
_c1979
300 _a84
_bसाधी
365 _b25
520 _aसायो.
630 _aदुष्टचक्र.
650 _aसायो.
730 _aदुष्टचक्र.
942 _cBOOK
999 _c708466
_d708463